| 000 | 00522nam a2200157Ia 4500 | ||
|---|---|---|---|
| 008 | 140529s9999 xx 000 0 und d | ||
| 020 | _a9789710726707 | ||
| 050 |
_aQK 53 _b.G326 2010 |
||
| 245 |
_aGeneral botany : _b101 exercises to choose from / _cCatherine Genevieve B. Lagunzad … [et al.] |
||
| 260 |
_aManila, Philippines : _bVibal Publishing House, Inc., _cc2010. |
||
| 300 |
_a274 p. : _bill. ; _c27 cm. |
||
| 500 | _aIncludes bibliographical references. | ||
| 521 | _aGE | ||
| 942 |
_kLOC _cBK |
||
| 999 |
_c117810 _d117810 |
||